Grades de la Marine nationale française - Statistiques

Statistiques générales
  • Ce quiz a été pris 5 537 fois
    1 544 depuis la dernière actualisation
  • Le résultat moyen est 11 sur 18
Statistiques - réponses
Réponse % Correct
Amiral
93%
Maître
71%
Vice-amiral
71%
Capitaine de vaisseau
70%
Contre-amiral
68%
Capitaine de frégate
67%
Major
67%
Aspirant
66%
Premier maître
66%
Second maître
65%
Capitaine de corvette
64%
Maître principal
60%
Lieutenant de vaisseau
58%
Vice-amiral d'escadre
50%
Quartier-maître de 1ère classe
48%
Quartier-maître de 2ème classe
47%
Enseigne de vaisseau de 1ère classe
41%
Enseigne de vaisseau de 2ème classe
40%
Aucun quiz correspondant
Distribution des résultats
% des personnes avec chaque résultat
Percentile par nombre de réponses
Votre historique - résultats
Vous n’avez pas pris ce quiz depuis la dernière actualisation